000 00750nam a2200241 a 4500
003 PILC
005 20150112093438.0
008 100723s19uu xx 00 eng d
020 _a981253069X
050 _aHD 30.28
_b.B4575 2004
082 _aMnSF 658.4012
_bE7 2004
100 _aBesanko, David
_917081
245 _aEconomics of strategy /
_cDavid Besanko ... [et. al.;]
250 _a3rd ed.
260 _aNew Jersey :
_bJohn Wiley & Sons, Inc,
_c2004.
300 _a632 pages :
_billustration ;
_c23 cm.
650 _aStrategic planning - Economical aspects
_917082
650 _aManagerial economics
_910371
700 _aDranove, David
_917083
700 _aShanley, Mark
_917084
700 _aSchaefer, Scoot
_917085
942 _2lcc
_cBK
999 _c14654
_d14654